000 00611nam a22001937a 4500
999 _c165002
_d165002
005 20190531172400.0
010 _aENG-125440
020 _a8175262591
_c50.00
035 _aEN-108972
037 _bDBAD/PUB
082 _a230.31
100 _aMukundcharandas, Sadhu
245 _aBhagwan swaminarayan:
_cby Padma Parupudi [and] Sirisha Naresh
_ban introduction/
260 _aAmdavad
_bswaminarayan Aksharpith
_c2011
270 _aShahibaug road ,Amdavad -4,india.
_bAmdavad
300 _avii,126p.
_c21cms(pbk)
_bill.
500 _aincludes bibliography.
942 _2ddc
_cEN
_h230.31
_mSWA